000 00818nam a2200205 a 4500
001 000016893
003 DO-SdBNP
005 20250703135404.0
008 100312s1998 dr ad r 000 0 spa d
040 _aDO-SdBNP
_bspa
_cBNPHU
082 _a370.97293
_bR426e
110 1 _aRepública Dominicana.
_bSecretaría de Estado de Educación y Cultura
_918697
245 1 0 _aEstadísticas e indicadores de educación 1996 - 1997 /
_cpresentación Ligia A. Melo de Cardona.
260 _aSanto Domingo :
_bOficina de Planificación Educativa,
_c1998.
_fCentenario
300 _a121 cm. :
_bil., gráf. ;
_c28 cm.
650 4 _aEducación
_zRepública Dominicana
_y1998-1999
_937161
_vEstadísticas
650 7 _aEducación y estado
_zRepública Dominicana
_951256
700 1 _aMelo de Cardona, Ligia A.
_937226
942 _2ddc
_cLBS1
999 _c16425
_d16425